000 00269nam a22001217a 4500
008 171208b xxu||||| |||| 00| 0 eng d
041 _aeng
080 _a82
100 _a27
101 _aGJL
245 _aTHE WORKS OF THOMAS SYDENHAM
_cSYDENHAM, TH
942 _2udc
_cBK
999 _c38829
_d38829